OOP with Microsoft Visual Basic.NET and Microsoft Visual C# .NET step by step (E-BOOK) (Record no. 191760)
[ view plain ]
| 000 -LEADER | |
|---|---|
| fixed length control field | 01441 a2200229 4500 |
| 003 - CONTROL NUMBER IDENTIFIER | |
| control field | Nust |
| 005 - DATE AND TIME OF LATEST TRANSACTION | |
| control field | 20170207154023.0 |
| 010 ## - LIBRARY OF CONGRESS CONTROL NUMBER | |
| LC control number | 2001052122 |
| 020 ## - INTERNATIONAL STANDARD BOOK NUMBER | |
| International Standard Book Number | 0735615683 |
| 040 ## - CATALOGING SOURCE | |
| Transcribing agency | Nust |
| 082 00 - DEWEY DECIMAL CLASSIFICATION NUMBER | |
| Classification number | 005.276 |
| 100 1# - MAIN ENTRY--PERSONAL NAME | |
| Personal name | Reynolds-Haertle, Robin A., |
| 245 10 - TITLE STATEMENT | |
| Title | OOP with Microsoft Visual Basic.NET and Microsoft Visual C# .NET step by step (E-BOOK) |
| Statement of responsibility, etc. | Robin A. Reynolds-Haertle. |
| 260 ## - PUBLICATION, DISTRIBUTION, ETC. | |
| Place of publication, distribution, etc. | Redmond, Wash. : |
| Name of publisher, distributor, etc. | Microsoft Press, |
| Date of publication, distribution, etc. | 2001. |
| 300 ## - PHYSICAL DESCRIPTION | |
| Extent | xviii, 393 p. : |
| Other physical details | ill. ; |
| Dimensions | 24 cm. |
| Accompanying material | +1 computer optical disc (4 3/4 in.) |
| 490 1# - SERIES STATEMENT | |
| Series statement | Step-by-step |
| 505 ## - FORMATTED CONTENTS NOTE | |
| Formatted contents note | Chapter 1 - Writing Your First Object-Oriented Program Chapter 2 - Creating Class Instances with Constructors Chapter 3 - Creating Fields and Properties Chapter 4 - Working with Methods Chapter 5 - Using Inheritance to Create Specialized Classes Chapter 6 - Designing Base Classes as Abstract Classes Chapter 7 - Responding to Changes with Events and Exceptions Chapter 8 - Putting It All Together with Components Chapter 9 - Providing Services Using Interfaces Chapter 10 - Using Classes Interchangeably Through Polymorphism Chapter 11 - Using Shared and Static Members Chapter 12 - Overloading Operators with Visual C# Chapter 13 - Saving Instance Data Chapter 14 - Reducing Complexity by Design |
| 650 #0 - SUBJECT ADDED ENTRY--TOPICAL TERM | |
| Topical term or geographic name entry element | C# (Computer program language) |
| 650 #0 - SUBJECT ADDED ENTRY--TOPICAL TERM | |
| Topical term or geographic name entry element | Object-oriented programming (Computer science). |
| 651 ## - SUBJECT ADDED ENTRY--GEOGRAPHIC NAME | |
| Geographic name | E-BOOK |
| 830 #0 - SERIES ADDED ENTRY--UNIFORM TITLE | |
| Uniform title | Step by step (Redmond, Wash.) |
| 942 ## - ADDED ENTRY ELEMENTS (KOHA) | |
| Source of classification or shelving scheme | |
| Koha item type | Book |
| Withdrawn status | Lost status | Source of classification or shelving scheme | Damaged status | Not for loan | Collection code | Permanent Location | Current Location | Date acquired | Total Checkouts | Full call number | Barcode | Date last seen | Price effective from | Koha item type |
|---|---|---|---|---|---|---|---|---|---|---|---|---|---|---|
| Military College of Signals (MCS) | Military College of Signals (MCS) | 12/12/2016 | 005.276 ROB | MCSEB-944 | 12/08/2016 | 12/12/2016 | Book |
